Сорок дней Муса-дага: роман

Bibliographic Details
Main Author: Верфель Ф. Франц
Other Authors: Гнедина Н. (переводчик), Розанов В. (автор предисловия), Дудин М. (автор послесловия), Пирумова М.
Language:Russian
Published: Ереван, Советакан грох, 1982
Subjects:
Format: Book
KOHA link:https://koha.lib.tpu.ru/cgi-bin/koha/opac-detail.pl?biblionumber=157043

MARC

LEADER 00000nam0a2200000 4500
001 157043
005 20231031153459.0
020 |a RU  |b 83-17141 
035 |a (RuTPU)RU\TPU\book\170326 
090 |a 157043 
100 |a 20090402d1982 m y0rusy5003 ca 
101 1 |a rus  |c ger 
102 |a RU 
105 |a y z 000ay 
200 1 |a Сорок дней Муса-дага  |e роман  |f Ф. Верфель  |g пер. с нем. Н. Гнедина ;В. Розанов ; авт. предисл. М. Дудин ; авт. послесл. М. Пирумова 
210 |a Ереван  |c Советакан грох  |d 1982 
215 |a 607 с.  |c портр.  |d 24 см 
610 1 |a Армения Западная 
610 1 |a 20 век 
610 1 |a романы 
675 |a 83  |z rus 
700 1 |a Верфель  |b Ф.  |g Франц  |4 070 
702 1 |a Гнедина  |b Н.  |4 730 
702 1 |a Розанов  |b В.  |4 730 
702 1 |a Дудин  |b М.  |4 080 
702 1 |a Пирумова  |b М.  |4 075 
801 0 |a RU  |b RuMRKP  |c 19950704  |g psbo 
801 1 |a RU  |b 63413507  |c 20090402  |g PSBO 
801 2 |a RU  |b 63413507  |c 20090402  |g PSBO 
942 |c BK